Industrial relations and labour laws (Record no. 3426)

MARC details
000 -LEADER
fixed length control field 00682 a2200193 4500
010 ## - LIBRARY OF CONGRESS CONTROL NUMBER
LC control number ENG-85775
020 ## - INTERNATIONAL STANDARD BOOK NUMBER
International Standard Book Number 8125918310
Terms of availability 275.00
035 ## - SYSTEM CONTROL NUMBER
System control number EN-69308
082 14 - DEWEY DECIMAL CLASSIFICATION NUMBER
Classification number 331.8
090 ## - LOCALLY ASSIGNED LC-TYPE CALL NUMBER (OCLC); LOCAL CALL NUMBER (OCLC)
-- 3493
-- 3493
100 1# - MAIN ENTRY--PERSONAL NAME
Personal name Srivastava, S C.
245 1# - TITLE STATEMENT
Title Industrial relations and labour laws
Statement of responsibility, etc by S C Srivastava
250 ## - EDITION STATEMENT
Edition statement 5th ed.
260 ## - PUBLICATION, DISTRIBUTION, ETC. (IMPRINT)
Place of publication, distribution, etc New Delhi.
Name of publisher, distributor, etc Vikas Publishing House,
Date of publication, distribution, etc 2007.
270 ## - ADDRESS
Address 576, Masjid Road, Jangpura
City New Delhi
State or province Delhi
Postal code 110 014
Telephone number 0120-4078900
Fax number 0120-4078999 (Noida).
Electronic mail address vikaspublishing.com
300 ## - PHYSICAL DESCRIPTION
Extent xlix, 800p.
Dimensions 22cm (pbk)
942 ## - ADDED ENTRY ELEMENTS (KOHA)
Institution code [OBSOLETE] dpl
Koha item type English Books
Call number prefix 331.8 / SRI
Holdings
Withdrawn status Lost status Source of classification or shelving scheme Damaged status Not for loan Collection code Home library Current library Source of acquisition Cost, normal purchase price Total Checkouts Full call number Barcode Date last seen Copy number Uniform Resource Identifier Cost, replacement price Price effective from Koha item type
    Dewey Decimal Classification   Not For Loan Non-fiction D.B.Act.Division D.B.Act.Division DBAD/PUB 275.00   331.8 SRI EN-69308 15/09/2008 1 3650 275.00 15/09/2008 English Books

© Delhi Public Library
Hit Counter
free hit counter